Представление документа в формате RUSMARC

ПолеНазваниеЗначение
  Тип записи a
  Библиографический уровень c
001 Контрольный номер RU/SLIB/B/208738083
005 Дата корректировки 20210310164906.0
010 Индекс ISBN __
a ISBN 5-7525-0525-9
d Цена 70-00
100 Данные общей обработки __
a Данные общей обработки 20210310d2002####k y0rusy028902 ca
101 Язык документа 0_
a Язык текста rus
c Язык оригинала rus
102 Страна публикации __
a Страна публикации RU
105 Кодированные данные (монография) __
a Кодированные данные (монография) a z 000yy
181 Поле кодированных данных: вид содержания _0
a Код вида содержания (ISBD) i
182 Поле кодированных данных: тип средства _0
a Код типа средства (ISBD) n
200 Заглавие и сведения об ответственности 1_
a Заглавие Материалы и исследования по истории Северо-Западной Сибири
e Сведения, относящиеся к заглавию [сб. науч. тр.]
f Первые сведения об ответственности Администрация Нефтеюг. р-на, Центр ист.-культур. наследия ; отв. ред. Г. П. Визгалов ; науч. ред. Е. В. Вершинин
b Общее обозначение материала Текст
h Номер части [Вып. 1]
210 Выходные данные 1_
a Место издания Екатеринбург
c Издательство Изд-во Урал. ун-та
d Дата издания 2002
215 Физическое описание __
a Объем 247 с.
300 Общие примечания __
a Общие примечания На титульной странице автограф авторов: "Центральной городской библиотеке г. Сургута от авторов. 27.02.2003. Подписи"
327 Примечание о содержании 0_
a Примечание о содержании Укрепленное поселение каменного века Каюково 2 / Л. В. Ивасько
330 Аннотация __
a Аннотация В сборник вошли статьи, посвященные древней и средневековой истории среднего Приобья. Представлены результаты археологических и этнографических исследований. Представлены документы 17 в. по истории русских колонистов. Для историков, археологов, этнографов.
600 Персоналии _1
a Персоналии (Фамилия) Тонья
600 Персоналии _1
a Персоналии (Фамилия) Кинема
606 Тематические рубрики __
a Основная рубрика История
z Хронологическая подрубрика 8 в.; 9 в.; 10 в.; 11 в.; 12 в.; 13 в.; 14 в.; 15 в.; 16 в.; 17 в.
y Географическая подрубрика Россия; Северо-Западная Сибирь
606 Тематические рубрики __
a Основная рубрика История России в целом
606 Тематические рубрики __
a Основная рубрика Археология
606 Тематические рубрики __
a Основная рубрика Археология России
610 Ключевые слова 0_
a Ключевые слова поселения; быт; городища; могилы; могильные холмы; жилища; мифология; ханты; восстания; церкви; раскопки; древний мир; средние века; этнография; персоналии
686 Индексы других классификаций __
a Классификационный индекс 63.3(253.3)
686 Индексы других классификаций __
a Классификационный индекс 63.48(253.3)
702 Вторичная интеллектуальная ответственность _1
a Фамилия Вершинин
b Имя Е. В.
4 Код отношения Главный редактор
4 Код отношения 651
4 Код отношения 070
4 Код отношения 450
702 Вторичная интеллектуальная ответственность _1
a Фамилия Визгалов
b Имя Г. П.
4 Код отношения Главный редактор
4 Код отношения 651
702 Вторичная интеллектуальная ответственность _1
a Фамилия Ивасько
b Имя Л. В.
4 Код отношения Автор
4 Код отношения 070
702 Вторичная интеллектуальная ответственность _1
a Фамилия Карачаров
b Имя К. Г.
4 Код отношения Автор
4 Код отношения 070
702 Вторичная интеллектуальная ответственность _1
a Фамилия Кардаш
b Имя О. В.
4 Код отношения Автор
4 Код отношения 070
702 Вторичная интеллектуальная ответственность _1
a Фамилия Кондрашов
b Имя А. Н.
4 Код отношения Автор
4 Код отношения 070
702 Вторичная интеллектуальная ответственность _1
a Фамилия Шорин
b Имя А. Ф.
4 Код отношения Автор
4 Код отношения 070
702 Вторичная интеллектуальная ответственность _1
a Фамилия Баранов
b Имя М. Ю.
4 Код отношения Автор
4 Код отношения 070
702 Вторичная интеллектуальная ответственность _1
a Фамилия Мартынова
b Имя Е. П.
4 Код отношения Автор
4 Код отношения 070
702 Вторичная интеллектуальная ответственность _1
a Фамилия Манькова
b Имя И. Л.
4 Код отношения Автор
4 Код отношения 070
702 Вторичная интеллектуальная ответственность _1
a Фамилия Шашков
b Имя А. Т.
4 Код отношения Автор
4 Код отношения 070
801 Источник записи _0
a Страна RU
b Организация Муниципальное бюджетное учреждение культуры "Централизованная библиотечная система" г. Сургут (Центральная городская библиотека им. А. С. Пушкина)
g Правила каталогизации КиК/Котельникова
801 Источник записи _1
a Страна RU
b Организация Муниципальное бюджетное учреждение культуры "Централизованная библиотечная система" г. Сургут (Центральная городская библиотека им. А. С. Пушкина)
g Правила каталогизации КиК/Котельникова
852 Данные о местонахождении __
j Шифр хранения 63.3(253.3)
i Авторский знак М 34
p Инвентарный номер 03120778; 03051421; 03051422
901 Тип документа __
t Тип документа x
903 Характеристики (МАРС) __
a Дата передачи 20031205; 20030507
969 Тип издания __
a Тип издания сборник
990 Данные о заказе (DOS) __
j Количество экземпляров (DOS) 1; 2
t N записи в КСУ для И/У (DOS) 200312; 200305